000 00693nam a2200217Ii 4500
003 JO-AjNU
008 230605s9999||||xx |||||||||||||| ||und||
040 _aJO-AjNU
_bara
_erda
_cJO-AjNU
041 _aara
050 1 4 _aPJ7531.D3 1966
100 3 _aتأليف ضيف، شوقي,
_eauthor
_926504
245 0 0 _aالعصر العباسي الأول
250 _aط6
264 3 1 _aالقاهرة: دار المعارف، 1966
300 _a576ص
336 _atext
_btxt
_2rdacontent
337 _aunmediated
_bn
_2rdamedia
338 _avolume
_bnc
_2rdacarrier
490 0 _aتاريخ الأدب العربي 3
650 4 _aالأدب العربي - العصر العباسي
_926505
999 _aA10050
_c13618
_d13618